Sistemas de información gerencial (Registro nro. 1000)

Detalles MARC
000 -LEADER
fixed length control field 01667 a2200265 4500
001 - CONTROL NUMBER
control field 22383
005 - DATE AND TIME OF LATEST TRANSACTION
control field 20260407155514.0
008 - FIXED-LENGTH DATA ELEMENTS--GENERAL INFORMATION
fixed length control field 260407a2004 arg spa d
003 - CONTROL NUMBER IDENTIFIER
control field AR-UNSa-BCEJYS
040 ## - CATALOGING SOURCE
Original cataloging agency AR-UNSa-BCEJYS
Language of cataloging spa
Transcribing agency AR-UNSa-BCEJYS
080 ## - UNIVERSAL DECIMAL CLASSIFICATION NUMBER
Universal Decimal Classification number 658.011.56
Common auxiliary subdivision Automatización
020 ## - INTERNATIONAL STANDARD BOOK NUMBER
International Standard Book Number 978-970-26-0528-7
041 ## - LANGUAGE CODE
Language code of text/sound track or separate title spa
100 1# - MAIN ENTRY--PERSONAL NAME
Personal name Laudon, Kenneth C.
245 10 - TITLE STATEMENT
Title Sistemas de información gerencial
Name of part/section of a work administración de la empresa digital
250 ## - EDITION STATEMENT
Edition statement 8a.ed
264 #1 - PRODUCTION, PUBLICATION, DISTRIBUTION, MANUFACTURE, AND COPYRIGHT NOTICE
Place of production, publication, distribution, manufacture México :
Name of producer, publisher, distributor, manufacturer Pearson Educación
Date of production, publication, distribution, manufacture, or copyright notice 2004
300 ## - PHYSICAL DESCRIPTION
Extent xxx, 534 p.
Dimensions 27 cm.
505 ## - FORMATTED CONTENTS NOTE
Formatted contents note 1. Administración de la empresa digital - 2. Sistemas de información en la empresa - 3. Sistemas de información, organizaciones, administración y estrategia - 4. La empresa digital: negocios en línea y comercio electrónico - 5. Aspectos éticos y sociales en la empresa digital - 6. Administración de los activos de hardware y software - 7. Administración de los recursos de datos - 8. Telecomunicaciones y redes - 9. Internet y la nueva infraestructura de tecnología de la información - 10. Administración del conocimiento para la empresa digital - 11. Mejora en la toma de decisiones administrativas para la empresa digital - 12. Rediseño de la organización mediante sistemas de información - 13. El valor de negocios de los sistemas y administración del cambio - 14. Seguridad y control de los sistemas de información - 15. Administración de sistemas de información internacionales
590 ## - LOCAL NOTE (RLIN)
Local note niveau_biblio:m niveau_hierar:0
700 1# - ADDED ENTRY--PERSONAL NAME
Personal name Laudon, Jane P.
700 1# - ADDED ENTRY--PERSONAL NAME
Personal name Nuñez Ramos, Antonio
700 1# - ADDED ENTRY--PERSONAL NAME
Personal name Solares Soto, Pedro Fernando
942 ## - ADDED ENTRY ELEMENTS (KOHA)
Koha item type
Existencias
Withdrawn status Lost status Damaged status Not for loan Home library Current library Shelving location Date acquired Total checkouts Full call number Barcode Date last seen Price effective from Koha item type
        Biblioteca Prof. Eusebio Cleto del Rey Biblioteca Prof. Eusebio Cleto del Rey   07/04/2026   658.011.56 L372 8ed. L86997 07/04/2026 07/04/2026 Libro
        Biblioteca Prof. Eusebio Cleto del Rey Biblioteca Prof. Eusebio Cleto del Rey   07/04/2026   658.011.56 L372 8ed. L86999 07/04/2026 07/04/2026 Libro
        Biblioteca Prof. Eusebio Cleto del Rey Biblioteca Prof. Eusebio Cleto del Rey   07/04/2026   658.011.56 L372 8ed. L86998 07/04/2026 07/04/2026 Libro
        Biblioteca Prof. Eusebio Cleto del Rey Biblioteca Prof. Eusebio Cleto del Rey   07/04/2026   658.011.56 L372 8ed. L116293 07/04/2026 07/04/2026 Libro
        Biblioteca Prof. Eusebio Cleto del Rey Biblioteca Prof. Eusebio Cleto del Rey   07/04/2026   658.011.56 L372 8ed. L116291 07/04/2026 07/04/2026 Libro
        Biblioteca Prof. Eusebio Cleto del Rey Biblioteca Prof. Eusebio Cleto del Rey   07/04/2026   658.011.56 L372 8ed. L116290 07/04/2026 07/04/2026 Libro
        Biblioteca Prof. Eusebio Cleto del Rey Biblioteca Prof. Eusebio Cleto del Rey   07/04/2026   658.011.56 L372 8ed. L116295 07/04/2026 07/04/2026 Libro
        Biblioteca Prof. Eusebio Cleto del Rey Biblioteca Prof. Eusebio Cleto del Rey   07/04/2026   658.011.56 L372 8ed. L116294 07/04/2026 07/04/2026 Libro
        Biblioteca Prof. Eusebio Cleto del Rey Biblioteca Prof. Eusebio Cleto del Rey   07/04/2026   658.011.56 L372 8ed. L116292 07/04/2026 07/04/2026 Libro
        Biblioteca Prof. Eusebio Cleto del Rey Biblioteca Prof. Eusebio Cleto del Rey   07/04/2026   658.011.56 L372 8ed. L116297 07/04/2026 07/04/2026 Libro
        Biblioteca Prof. Eusebio Cleto del Rey Biblioteca Prof. Eusebio Cleto del Rey   07/04/2026   658.011.56 L372 8ed. L116289 07/04/2026 07/04/2026 Libro
        Biblioteca Prof. Eusebio Cleto del Rey Biblioteca Prof. Eusebio Cleto del Rey   07/04/2026   658.011.56 L372 8ed. L116288 07/04/2026 07/04/2026 Libro